| 000 | 00705cas a22002055a 4500 | ||
|---|---|---|---|
| 001 | L154864 | ||
| 008 | 120124d19701978xxkbr p 0 a0eng u | ||
| 035 | _a(Sirsi) u154864 | ||
| 041 | 0 | _aeng | |
| 110 | 2 |
_aInstitute of Quantity Surveyors _92491 |
|
| 245 | 0 | 0 |
_aInstitute of Quantity Surveyors _bAnnual Report |
| 260 |
_aLondon _bIQS _c1968-1978 |
||
| 362 | _a1968-1978 | ||
| 520 | _aAnnual reports from 1968-69, 1971-72, 1973-74, 1975, 1976, 1977, 1978. Missing 1970. | ||
| 520 | _aAnnual report 1975 contains Memorandum and Articles of Association and Bye-Laws: Amendment List No. 1. | ||
| 554 | _aOne per year | ||
| 651 | 4 |
_aUnited Kingdom _y |
|
| 690 |
_aQuantity surveying _96263 |
||
| 942 | _n0 | ||
| 999 |
_c119369 _d119369 |
||